Multiple sclerosis : (Record no. 118333)

MARC details
000 -LEADER
fixed length control field 00799nam a2200253Ia 4500
008 - FIXED-LENGTH DATA ELEMENTS--GENERAL INFORMATION
fixed length control field
049 ## - LOCAL HOLDINGS (OCLC)
Holding library MAIN
090 ## - LOCALLY ASSIGNED LC-TYPE CALL NUMBER (OCLC); LOCAL CALL NUMBER (RLIN)
Classification number (OCLC) (R) ; Classification number, CALL (RLIN) (NR) RC377
Local cutter number (OCLC) ; Book number/undivided call number, CALL (RLIN) BAU
003 - CONTROL NUMBER IDENTIFIER
control field
005 - DATE AND TIME OF LATEST TRANSACTION
control field 20230120204151.0
040 ## - CATALOGING SOURCE
Transcribing agency NUST
100 1# - MAIN ENTRY--PERSONAL NAME
Personal name Bauer, Helmut.
245 00 - TITLE STATEMENT
Title Multiple sclerosis :
Remainder of title its impact from childhood to old age /
Statement of responsibility, etc. Helmut J. Bauer, Folder A. Hanefeld.
260 ## - PUBLICATION, DISTRIBUTION, ETC.
Place of publication, distribution, etc. London ;
-- Philadelphia :
Name of publisher, distributor, etc. Saunders,
Date of publication, distribution, etc. 1993.
300 ## - PHYSICAL DESCRIPTION
Extent x, 177 p. :
Other physical details ill. ;
Dimensions 24 cm.
440 1# - SERIES STATEMENT/ADDED ENTRY--TITLE
Title Major problems in neurology;
Volume/sequential designation v.26.
500 ## - GENERAL NOTE
General note Includes index.
504 ## - BIBLIOGRAPHY, ETC. NOTE
Bibliography, etc. note Includes bibliographical references.
650 #2 - SUBJECT ADDED ENTRY--TOPICAL TERM
Topical term or geographic name entry element Multiple Sclerosis.
700 10 - ADDED ENTRY--PERSONAL NAME
Personal name Hanefeld, Folker A.
740 01 - ADDED ENTRY--UNCONTROLLED RELATED/ANALYTICAL TITLE
Uncontrolled related/analytical title Multiple sclerosis.
907 ## - LOCAL DATA ELEMENT G, LDG (RLIN)
a .b10356344
b 08-04-15
c 31-03-15
942 ## - ADDED ENTRY ELEMENTS (KOHA)
Koha item type Ordinary Loan Books
Call number prefix RC377
Call number suffix BAU
Holdings
Date last seen Total Checkouts Full call number Barcode Cost, replacement price Price effective from Koha item type Lost status Source of classification or shelving scheme Damaged status Not for loan Collection Withdrawn status Home library Current library Shelving location Date acquired Cost, normal purchase price
01/20/2023   RC377 MUL 92004040206 80.00 01/20/2023 BOOKS   LCC     NFIC   MEDICAL MEDICAL GEN 01/20/2023 80.00